00610nam a2200169Ia 4500008004000000020001800040082001800058100001900076245002300095260003600118300001400154650007000168690001000238906001100248999001900259952016200278210210b2003 xxu||||| |||| 00| 0 eng d a81 7648 456 3 a346.0134 KANW aKANT (Anjani). aWomen and the law. aNew DelhibNot Mentionedc2003 axxxvi,503 aStatus Women Position Constitution Indian Marital Rights Property aWomen a061334 c107932d107932 001040708Social WorkaALbALcSocial Workd2021-02-17eAlka Prakashan Kanpur-208007g995.00l0o346.0134 KANWp061334r2021-02-17 00:00:00w2021-02-17yBK